cultura general de aquí no hay quien viva - Estadísticas

Estadísticas generales
  • Esta prueba ha sido intentada 607 veces
  • La puntuación promedio es 11 de 15
Estadísticas de respuestas
Hint Respuesta % Correcto
Mote de Lucía La pija
97%
Profesión de Mauri Periodista
94%
Nombre del perro de Vicenta Valentin
93%
Número de dicha calle 21
90%
Marido de Marisa Manolo
90%
Calle dónde estaba el edificio Desengaño
88%
Empresa que patrocinaba Radio Patio copinsa
71%
La telenovela a la que se enganchan todos los vecinos La despechada
67%
Deporte que practicó Belén de pequeña Gimnasia ritmica
66%
Quién propone un trío a Roberto y a Carlos Natalia
66%
Pimer capítulo de la serie erase una mudanza
60%
Completa la frase: "Deportes Guerra ..." Campo playa y sierra
56%
El hijo de Concha era Armando
53%
Apodo de Roberto en su combate de boxeo El puma de cancun
40%
Nombre del perro que Vicenta le da a Mauri Sauron
29%
No se encontraron pruebas coincidentes
Distribución de puntuación
Porcentaje de gente con cada puntuación
Porcentaje por número respondido
Historial de tus puntuaciones
No has intentado esta prueba.